| 000 | 00552 a2200217 4500 | ||
|---|---|---|---|
| 005 | 20260401111649.0 | ||
| 008 | 260319b |||||||| |||| 00| 0 eng d | ||
| 020 |
_a9788197179549 _cRs. 595.00 |
||
| 040 | _aMAIN | ||
| 082 |
_a338.4791 _bB469B |
||
| 100 | _aBhupesh Kumar | ||
| 245 | _aBasics of tourism: As per NEP | ||
| 260 |
_bThe Hospitality Press _c2025 _aDelhi |
||
| 300 | _av, 218 | ||
| 650 | _aHotel Management | ||
| 650 | _aTourism | ||
| 650 | _aProduction | ||
| 650 | _aTourism Industry | ||
| 700 | _aTiu, Dhirendra | ||
| 942 | _cBK | ||
| 999 |
_c395641 _d395641 |
||